000 03012nas a22002895i 4500
001 1433-755X
003 DE-He213
005 20200203194501.0
007 cr nn 008mamaa
008 150723s||||||||xxkuu poo|||||| b|EN |d
022 _a1433-755X
024 7 _a10.1007/10044.1433-755X
_2doi
210 1 0 _aPattern Anal Applic
245 1 0 _aPattern Analysis and Applications
_h[electronic resource] /
_cedited by Sameer Singh.
264 1 _aLondon :
_bSpringer London :
_bImprint: Springer.
300 _bonline resource.
520 _aThe journal publishes high quality articles in areas of fundamental research in intelligent pattern analysis and applications in computer science and engineering.  It aims to provide a forum for original research which describes novel pattern analysis techniques and industrial applications of the current technology.  In addition, the journal will also publish articles on pattern analysis applications in medical imaging.  The journal solicits articles that detail new technology and methods for pattern recognition and analysis in applied domains including, but not limited to, computer vision and image processing, speech analysis, robotics, multimedia, document analysis, character recognition, knowledge engineering for pattern recognition, fractal analysis, and intelligent control.  The journal publishes articles on the use of advanced pattern recognition and analysis methods including statistical techniques, neural networks, genetic algorithms, fuzzy pattern recognition, machine learning, and hardware implementations which are either relevant to the development of pattern analysis as a research area or detail novel pattern analysis applications.  Papers proposing new classifier systems or their development, pattern analysis systems for real-time applications, fuzzy and temporal pattern recognition and uncertainty management in applied pattern recognition are particularly solicited. The journal encourages the submission of original case-studies on applied pattern recognition which describe important research in the area. The journal also solicits reviews on novel pattern analysis benchmarks, evaluation of pattern analysis tools, and important research activities at international centres of excellence working in pattern analysis. For all submission-related enquiries, please contact the Journal Editorial Office via “Contacts” or the Senior Editor Dragos Calitoiu at calitoiu@math.carleton.ca.
650 0 _aPattern recognition.
650 1 4 _aPattern Recognition.
_0http://scigraph.springernature.com/things/product-market-codes/I2203X
700 1 _aSingh, Sameer.
_eeditor.
_4edt
_4http://id.loc.gov/vocabulary/relators/edt
710 2 _aSpringerLink (Online service)
776 0 8 _iPrinted version:
_x1433-7541
856 4 0 _uhttps://doi.org/10.1007/10044.1433-755X
_zHybrid
999 _c456889
_d456889
942 _cEMG